ბათუმის შოთა რუსთაველის სახელმწიფო უნივერსიტეტის ბიბლიოთეკა

ლექსის ფარდაგი (ბიბ.ჩანაწერი № 48854)

000 -LEADER
fixed length control field 00696nam a2200229Ia 4500
001 - CONTROL NUMBER
control field 15756
003 - CONTROL NUMBER IDENTIFIER
control field GE_BSU
008 - FIXED-LENGTH DATA ELEMENTS--GENERAL INFORMATION
fixed length control field 181216s||||||||xx |||||||||||||| ||und||
040 ## - CATALOGING SOURCE
Transcribing agency GE_BSU
080 ## - UNIVERSAL DECIMAL CLASSIFICATION NUMBER
Universal Decimal Classification number 821.353.1-1
100 ## - MAIN ENTRY--PERSONAL NAME
Personal name ხაბაზი, ამირან
245 ## - TITLE STATEMENT
Title ლექსის ფარდაგი
245 ## - TITLE STATEMENT
Remainder of title ლექსები
245 ## - TITLE STATEMENT
Statement of responsibility, etc. რედ.ლ.ბეჟანიძე.მხატვ.რ.ლომაძე
260 ## - PUBLICATION, DISTRIBUTION, ETC.
Place of publication, distribution, etc. ბათუმი
260 ## - PUBLICATION, DISTRIBUTION, ETC.
Name of publisher, distributor, etc. საბჭ. აჭარა
260 ## - PUBLICATION, DISTRIBUTION, ETC.
Date of publication, distribution, etc. 1990
300 ## - PHYSICAL DESCRIPTION
Extent 111 გვ. ; 16 სმ
653 ## - INDEX TERM--UNCONTROLLED
Uncontrolled term ლექსები
653 ## - INDEX TERM--UNCONTROLLED
Uncontrolled term ლექსის ფარდაგი
942 ## - ADDED ENTRY ELEMENTS (KOHA)
Koha item type წიგნი
ეგზემპლარები
Withdrawn status Lost status Damaged status Not for loan Date acquired Barcode Date last seen Price effective from Koha item type
        2018-12-17 39354 2018-12-17 2018-12-17 წიგნი
        2018-12-17 39355 2018-12-17 2018-12-17 წიგნი
        2018-12-17 39356 2018-12-17 2018-12-17 წიგნი
        2018-12-17 39357 2018-12-17 2018-12-17 წიგნი
        2018-12-17 39358 2018-12-17 2018-12-17 წიგნი
        2018-12-17 39359 2018-12-17 2018-12-17 წიგნი
        2018-12-17 39360 2018-12-17 2018-12-17 წიგნი
        2018-12-17 39361 2018-12-17 2018-12-17 წიგნი
        2018-12-17 39362 2018-12-17 2018-12-17 წიგნი
        2018-12-17 39363 2018-12-17 2018-12-17 წიგნი